Y felix manquel dijo... /

Guardado en:
Autor Principal: Perea, Enrique
Otros Autores: Casamiquela, Rodolfo M.
Formato: Libro
Publicado: Buenos Aires : Fundacion Ameghino, 1989
Series:Textos Ameghinianos
Materias:
Etiquetas: Agregar Etiqueta
Sin Etiquetas, Sea el primero en etiquetar este registro!
LEADER 00657nam a22002055a 4500
001 EHU.bham024243
003 AR-BHAM
005 20130507141136.0
008 130507s1989##################000#0#####d
082 5 7 |a 572.7 
100 1 |a Perea, Enrique 
245 1 0 |a Y felix manquel dijo... /  |c Enrique Perea , Rodolfo M. Casamiquela , 
260 |a Buenos Aires :  |b Fundacion Ameghino,  |c 1989 
300 |a 105 p. 
490 0 |a Textos Ameghinianos 
500 |a Textos Araucanos Controlados Por Ignacia Quintulaf 
653 |a Cultura araucana 
653 |a Etnohistoria 
700 1 |a Casamiquela, Rodolfo M. 
859 |a AR-BHAM  |b BIB. HUMANIDADES - General  |h 572.7  |i P413  |p 578.95  |t Ej.1